| 000 | 00349nam a2200121Ia 4500 | ||
|---|---|---|---|
| 008 | 230822s2008 xx 000 0 und d | ||
| 020 | _a9780000000000 | ||
| 041 | _aeng | ||
| 100 | _aMCDONALD ROXANNA. | ||
| 245 | _aINTRODUCTION TO NATURAL AND MAN-MADE DISASTER AND THEIR EFFECTS ON BUILDINGS. | ||
| 260 |
_bTAYLOR AND FRANCIS _c2008 |
||
| 300 | _a247 | ||
| 999 |
_c859874 _d859874 |
||